Marketingová filozofia v podmienkach transformácie hospodárskych subjektov
Podnikanie v agropotravinárskom komplexe. Filozofia marketingu. Zásobník obchodných príležitostí. Filozofia marketingového managementu. Transformácia a marketingová filozofia. Prístupy k marketingovej filozofii.
Saved in:
| Main Author: | |
|---|---|
| Format: | Book Chapter |
| Language: | Slovak |
| Subjects: | |
| Tags: |
No Tags, Be the first to tag this record!
|
MARC
| LEADER | 00000naa a2200000 4500 | ||
|---|---|---|---|
| 001 | r016233 | ||
| 005 | 20221213113053.0 | ||
| 041 | 0 | |a slo | |
| 044 | |a SK | ||
| 245 | 1 | 0 | |a Marketingová filozofia v podmienkach transformácie hospodárskych subjektov |c D. Šimo |
| 520 | |a Podnikanie v agropotravinárskom komplexe. Filozofia marketingu. Zásobník obchodných príležitostí. Filozofia marketingového managementu. Transformácia a marketingová filozofia. Prístupy k marketingovej filozofii. | ||
| 610 | 2 | 0 | |a marketing |
| 610 | 2 | 0 | |a manažment |
| 610 | 2 | 0 | |a transformácia |
| 610 | 2 | 0 | |a podnikanie |
| 610 | 2 | 0 | |a komplex poľnohospodársko-potravinársky |
| 100 | 1 | |a Šimo, Dušan | |